<?xml version="1.0" encoding="UTF-8"?>
<record
    xmlns:xsi="http://www.w3.org/2001/XMLSchema-instance"
    xsi:schemaLocation="http://www.loc.gov/MARC21/slim http://www.loc.gov/standards/marcxml/schema/MARC21slim.xsd"
    xmlns="http://www.loc.gov/MARC21/slim">

  <leader>00530nam a22001457a 4500</leader>
  <controlfield tag="005">20250905150635.0</controlfield>
  <controlfield tag="008">250905b        |||||||| |||| 00| 0 eng d</controlfield>
  <datafield tag="050" ind1=" " ind2=" ">
    <subfield code="a">THE RC 226 .O53 2020</subfield>
    <subfield code="b">C. 1</subfield>
  </datafield>
  <datafield tag="100" ind1=" " ind2=" ">
    <subfield code="a">OKERI, ONDARACALEB</subfield>
  </datafield>
  <datafield tag="245" ind1=" " ind2=" ">
    <subfield code="a">ASSESSMENT OF FACTORS ASSOCIATED WITH GASTROINTESTINAL PROTOZOAN INFECTIONS IN CHILDREN AGED BETWEEN 6 AND 59 MONTHS WIT DIARRHEA IN KISII TEACHING AND REFERRAL HOSPITAL, KENYA</subfield>
  </datafield>
  <datafield tag="260" ind1=" " ind2=" ">
    <subfield code="a">KISII</subfield>
    <subfield code="b">KSU</subfield>
    <subfield code="c">2020</subfield>
  </datafield>
  <datafield tag="300" ind1=" " ind2=" ">
    <subfield code="a">XVI, 82P.</subfield>
  </datafield>
  <datafield tag="500" ind1=" " ind2=" ">
    <subfield code="a">INCLUDES REFERENCES</subfield>
  </datafield>
  <datafield tag="942" ind1=" " ind2=" ">
    <subfield code="2">lcc</subfield>
    <subfield code="c">REF</subfield>
  </datafield>
  <datafield tag="999" ind1=" " ind2=" ">
    <subfield code="c">216072</subfield>
    <subfield code="d">216072</subfield>
  </datafield>
  <datafield tag="952" ind1=" " ind2=" ">
    <subfield code="0">0</subfield>
    <subfield code="1">0</subfield>
    <subfield code="2">lcc</subfield>
    <subfield code="4">0</subfield>
    <subfield code="6">THE R C226 O53  02020</subfield>
    <subfield code="7">1</subfield>
    <subfield code="8">MED</subfield>
    <subfield code="9">372951</subfield>
    <subfield code="a">KSUL</subfield>
    <subfield code="b">KSUL</subfield>
    <subfield code="c">DISPLAY</subfield>
    <subfield code="d">2025-09-05</subfield>
    <subfield code="i">107999</subfield>
    <subfield code="l">0</subfield>
    <subfield code="o">THE RC 226 .O53 2020</subfield>
    <subfield code="p">000000023831</subfield>
    <subfield code="r">2025-09-05 15:10:20</subfield>
    <subfield code="t">C.1</subfield>
    <subfield code="w">2025-09-05</subfield>
    <subfield code="y">REF</subfield>
  </datafield>
</record>
